000 00815nam a2200265Ia 4500
003 OSt
005 20220925231718.0
006 a|||||r|||| 00| 0
007 ta
008 220923b |||||||| |||| 00| 0 eng d
020 _a9789292571191
037 _cGeneral Book
040 _aRTL
_cRTL
_beng
041 _2eng
_aeng
082 _aX:77.4.N8, Q5/UN
100 _aASIAN DEVELOPMENT BANK
_9295986
110 _aASIAN DEVELOPMENT BANK
_9295987
245 0 _aAsian Development Outlook 2015 Update
_b Enabling women, emergizing asia
260 _aManila
_bAsian Development Bank
_c2015
300 _axix; 192p
_ccm.
490 _aSeries 21
700 _aASIAN DEVELOPMENT BANK
_9295986
942 _hX:77.4.N8, Q5/UN
_cGB
_2CC
999 _c589238
_d589238